ბათუმის შოთა რუსთაველის სახელმწიფო უნივერსიტეტის ბიბლიოთეკა

Pathophysiology / (ბიბ.ჩანაწერი № 57418)

000 -LEADER
fixed length control field 00717cam a2200229 a 4500
001 - CONTROL NUMBER
control field 17464666
005 - DATE AND TIME OF LATEST TRANSACTION
control field 20221105200825.0
008 - FIXED-LENGTH DATA ELEMENTS--GENERAL INFORMATION
fixed length control field 120912s2019 moua b 001 0 eng
020 ## - INTERNATIONAL STANDARD BOOK NUMBER
International Standard Book Number 9781455726509 1
020 ## - INTERNATIONAL STANDARD BOOK NUMBER
International Standard Book Number 978032354813 1
041 ## - LANGUAGE CODE
Language code of text/sound track or separate title eng
080 ## - UNIVERSAL DECIMAL CLASSIFICATION NUMBER
Universal Decimal Classification number 616.092 B-22
100 1# - MAIN ENTRY--PERSONAL NAME
Personal name Banasik, Jacquelyn L.
9 (RLIN) 8508
245 10 - TITLE STATEMENT
Title Pathophysiology /
Statement of responsibility, etc. Jacquelyn L. Banasik, Lee-Ellen C. Copstead.
250 ## - EDITION STATEMENT
Edition statement 6th ed.
264 ## - PRODUCTION, PUBLICATION, DISTRIBUTION, MANUFACTURE, AND COPYRIGHT NOTICE
Place of production, publication, distribution, manufacture St. Louis, Mo. :
Name of producer, publisher, distributor, manufacturer Elsevier,
Date of production, publication, distribution, manufacture, or copyright notice 2019.
300 ## - PHYSICAL DESCRIPTION
Extent 1177 p. :
Other physical details color illustrations ;
Dimensions 28 cm.
653 ## - INDEX TERM--UNCONTROLLED
keyword პათოფიზიოლოგია
653 ## - INDEX TERM--UNCONTROLLED
keyword მედიცინა
700 1# - ADDED ENTRY--PERSONAL NAME
Personal name Copstead, Lee Ellen.
Relator term ავტორი
9 (RLIN) 8510
942 ## - ADDED ENTRY ELEMENTS (KOHA)
Source of classification or shelving scheme
Koha item type წიგნი
ეგზემპლარები
Withdrawn status Lost status Source of classification or shelving scheme Damaged status Not for loan Permanent Location Current Location Shelving location Date acquired Cost, normal purchase price Full call number Barcode Date last seen Copy number Price effective from Koha item type Public note
          ბათუმის შოთა რუსთაველის სახელმწიფო უნივერსიტეტის მთავარი ბიბლიოთეკა ბათუმის შოთა რუსთაველის სახელმწიფო უნივერსიტეტის მთავარი ბიბლიოთეკა წიგნსაცავი 2020-06-18 303.00 616.092 B-22 60616 2020-06-18 60616 2020-06-18 წიგნი 303 ლ.